| 000 | 01029nam a22003257a 4500 | ||
|---|---|---|---|
| 003 | CHAP | ||
| 005 | 20220329143810.0 | ||
| 008 | 110906s1975 mx a r 00010 spa d | ||
| 010 | _a102032 | ||
| 011 | _a103004 | ||
| 035 | _a113693 | ||
| 040 | _cCHAP | ||
| 082 | 0 | 4 |
_a633.56097265 _bIr42 1975 |
| 100 | 0 | 0 |
_aIrigoyen, Renán. _960353 |
| 245 | 1 | 0 |
_aEnsayos henequeneros _c/por Renan Irigoyen |
| 250 | _a2 ed. | ||
| 260 |
_aMérida, Yuc. : _bCORDEMEX, _c1975 |
||
| 300 |
_a160 p. : _bilus. |
||
| 590 |
_aBATCH-UPD _b10 _c20130110 _lUCH01 _h1102 |
||
| 590 |
_aBATCH-UPD _b10 _c20130410 _lUCH01 _h0655 |
||
| 590 |
_aBATCH-UPD _b10 _c20130914 _lUCH01 _h1606 |
||
| 590 |
_aCONVERSION _b10 _c20130109 _lUCH01 _h1356 |
||
| 650 | 1 | 4 |
_aHenequén _xIndustria. _953579 |
| 650 | 1 | 4 |
_aHenequén _xMercadeo. _953581 |
| 650 | 1 | 4 |
_aHenequén _xYucatán. _953592 |
| 650 | 1 | 4 |
_aYucatán _xHistoria _xGuerra de Castas. _9123325 |
| 901 | _aBK | ||
| 942 | _cLIBRO | ||
| 949 |
_a633.56097265 Ir42 1975 _bBC _cLIBRO _d33724002303694 _eLIBRO _h115738 _i113693 _sb |
||
| 999 |
_c102032 _d102032 |
||